000 00379nam a2200145Ia 4500
008 230917s9999||||xx |||||||||||||| ||und||
040 _e160367
_aMAIN
041 _aEnglish
082 _a338.4791 A38T
100 _aAggarwal, Prateek A
245 0 _aTourism and economic growth and development
260 _aDelhi
_bMohit Publications
_c2005
300 _a251 p.
942 _cBK
999 _c130408
_d130408